000 00568nam a2200217 a 4500
001 0001-2151
003 ELIB.Books
008 190725 2010 eng
020 _a1556617046
092 _a291
_bHal
100 _aHalverson, Dean C.
245 _aThe Compact Guide to World Religions
260 _aMinneapolis
_bBethany House Publishers
_c1996
300 _a272
_c20.5cm
650 _aReligions
856 _nKBTS Library
_uKBTS Elib
942 _2ddc
_cBK
990 _a1
998 _aEnglishbooks.elf
_ccat
_e2019-07-25
999 _c12151
_d12151